| 000 | 00421nam a2200157Ia 4500 | ||
|---|---|---|---|
| 008 | 230711s9999||||xx |||||||||||||| ||und|| | ||
| 041 | _aENG | ||
| 082 |
_a667 _bMU-A |
||
| 100 | _aNurnberg,Maxwell | ||
| 245 | 0 | _aAll about words : an adult approach vocabulary building | |
| 250 | _a1st . Ed. | ||
| 260 |
_c2000 _aNew Delhi _bLaxmi Publications(P) Ltd |
||
| 650 | _aLiterature | ||
| 700 | _aRosenblum,Morris | ||
| 942 | _cBK | ||
| 999 |
_c3910 _d3910 |
||